书目信息 |
| 题名: |
高中数理化典型错误解析词典
|
|
| 作者: | 张主方 编著 | |
| 分册: | ||
| 出版信息: | 上海 三联书店上海分店 2002.08 |
|
| 页数: | 673页 | |
| 开本: | 20cm | |
| 丛书名: | ||
| 单 册: | ||
| 中图分类: | G634.73 | |
| 科图分类: | ||
| 主题词: | 教育--各级 | |
| 电子资源: | ||
| ISBN: | 7-5426-1715-X | |
| 000 | 00667nam0 2200205 450 | |
| 001 | 0540909328 | |
| 005 | 20050530112149.32 | |
| 010 | @a7-5426-1715-X@dCNY 32.00 | |
| 100 | @a20050530d2002 km y0chiy0120 ea | |
| 101 | 0 | @achi |
| 102 | @aCN@b310000 | |
| 200 | 1 | @a高中数理化典型错误解析词典@Agao zhong shu li hua dian xing cuo wu jie xi ci dian@f张主方等编著@Fzhang zhu fang deng bian zhu |
| 210 | @a上海@c三联书店上海分店@d2002.08 | |
| 215 | @a673页@d20cm | |
| 606 | 0 | @a教育@x各级 |
| 690 | @aG634.73@v4 | |
| 701 | 0 | @a张主方@Azhang zhu fang@4编著 |
| 801 | 0 | @aCN@bPFT@c20050530 |
| 905 | @a10447@dG634.73@eZ250 | |
| 906 | @b黄河水利职业技术学院图书馆@dCNY 32.00@n2@r1 | |
| 高中数理化典型错误解析词典/张主方等编著.-上海:三联书店上海分店,2002.08 |
| 673页;20cm |
| ISBN 7-5426-1715-X:CNY 32.00 |
| ● |
| 相关链接 |
|
|
|
正题名:高中数理化典型错误解析词典
索取号:G634.73/Z250
 
预约/预借
| 序号 | 登录号 | 条形码 | 馆藏地/架位号 | 状态 | 备注 |
| 1 | 534396 | 205343966 | 社科库409/409社科库 8排4列5层/ [索取号:G634.73/Z250] | 在馆 | |
| 2 | 534397 | 205343975 | 社科库409/409社科库 8排4列5层/ [索取号:G634.73/Z250] | 在馆 |